[Event "CP-2010-P-00017"]
[Site "LSS email"]
[Date "2010.09.28"]
[Round "?"]
[White "Osipov, Anatoly Vladimirovi"]
[Black "Naess, Jan Olav"]
[Result "0-1"]
[WhiteElo "1795"]
[BlackElo "1824"]
[PlyCount "100"]
[EventDate "2010.10.01"]
[EventType "tourn (corr)"]
[EventRounds "6"]
[EventCountry "GER"]
[SourceTitle "Telechess CBM 147"]
[Source "ChessBase"]
[SourceDate "2012.03.16"]
[SourceVersion "1"]
[SourceVersionDate "2012.03.16"]
[SourceQuality "1"]

1. e4 d5 2. exd5 Qxd5 3. Nc3 Qd6 4. d4 Nf6 5. Nf3 a6 6. Be2 Bf5 7. Bd3 Bg6 8. 0-0 Nc6 9. Ne2 Bh5 10. Bf4 Qd7 11. Ng3 Bg6 12. c3 e6 13. Bxg6 hxg6 14. a4 Bd6 15. Bg5 Nd5 16. Qc2 f6 17. Qxg6+ Qf7 18. Qxf7+ Kxf7 19. Bc1 g5 20. Nd2 Na5 21. Nde4 Bf4 22. Re1 Nb3 23. Bxf4 Nxa1 24. Bxg5 Nb3 25. c4 Kg6 26. cxd5 fxg5 27. dxe6 Nxd4 28. Nc5 Rae8 29. e7 Kf7 30. Re4 Rh4 31. Nxb7 Rxe4 32. Nxe4 Rb8 33. Nxg5+ Kxe7 34. Nc5 Rxb2 35. g3 a5 36. h4 Rc2 37. Nge4 Ne6 38. Nxe6 Kxe6 39. f3 Kf7 40. Kf1 Rc4 41. Ke2 Rxa4 42. Kd3 Rb4 43. Kc3 Rb6 44. Nc5 Rf6 45. f4 Rc6 46. Kd4 Rg6 47. Ne4 a4 48. h5 Rb6 49. Nc3 a3 50. Kc4 Rb2 0-1

[Event "LSS SC-2010-0-00067"]
[Site "LSS email"]
[Date "2010.08.05"]
[Round "?"]
[White "Davila, Oscar Alfredo"]
[Black "Naess, Jan Olav"]
[Result "0-1"]
[WhiteElo "1741"]
[BlackElo "1703"]
[PlyCount "48"]
[EventDate "2010.07.03"]
[EventType "tourn (corr)"]
[EventRounds "6"]
[EventCountry "GER"]
[SourceTitle "Telechess CBM 143"]
[Source "ChessBase"]
[SourceDate "2011.07.15"]
[SourceVersion "1"]
[SourceVersionDate "2011.07.15"]
[SourceQuality "1"]

1. c4 e5 2. Nc3 Nf6 3. Nf3 Nc6 4. g3 Bb4 5. Nd5 Ba5 6. Qa4 e4 7. Nh4 0-0 8. Bg2 Re8 9. 0-0 Bb6 10. Nxb6 cxb6 11. d3 exd3 12. exd3 d5 13. Be3 Be6 14. Rfe1 Ne5 15. Rad1 Bg4 16. f3 Bd7 17. Qc2 Nc6 18. f4 Bg4 19. Nf3 Qd7 20. Qb3 Rad8 21. Bf2 h5 22. h4 Bh3 23. cxd5 Bxg2 24. dxc6 Qh3 0-1